| 000 | 00822nam a22002537a 4500 | ||
|---|---|---|---|
| 999 |
_c22382 _d22382 |
||
| 003 | OSt | ||
| 005 | 20220516130012.0 | ||
| 008 | 220516b ||||| |||| 00| 0 spa d | ||
| 020 | _a9786124688331 | ||
| 040 | _cBiblioteca Municipal de Cusco | ||
| 082 |
_a869.541/Z6V _bZ6V |
||
| 100 |
_aMelgar, Mariano _911021 |
||
| 245 | 1 | 0 |
_aMariano Melgar : _bantología esencial / _cprólogo, selección y notas, José Gabriel Valdivia. |
| 250 | _aPrimera edición. | ||
| 264 | 1 |
_aArequipa : _bAletheya, _c2015. |
|
| 300 |
_a135 páginas. : _bilustraciones ; _c21 cm. |
||
| 490 | 0 |
_aAntologías Esenciales ; _v1 |
|
| 650 |
_aPoesías peruanas _947972 |
||
| 650 |
_aSonetos peruanos _947973 |
||
| 650 |
_aYaravíes _947974 |
||
| 650 |
_aFábulas peruanas _928369 |
||
| 700 | 1 |
_aValdivia, José Gabriel _947975 |
|
| 942 |
_2ddc _cLIBROS |
||